<?xml version="1.0" encoding="UTF-8"?>
<record
    xmlns:xsi="http://www.w3.org/2001/XMLSchema-instance"
    xsi:schemaLocation="http://www.loc.gov/MARC21/slim http://www.loc.gov/standards/marcxml/schema/MARC21slim.xsd"
    xmlns="http://www.loc.gov/MARC21/slim">

  <leader>01618nam a2200241Ia 4500</leader>
  <controlfield tag="003">OSt</controlfield>
  <controlfield tag="005">20250605093254.0</controlfield>
  <controlfield tag="008">210210b2015   xxu||||| |||| 00| 0 eng d</controlfield>
  <datafield tag="040" ind1=" " ind2=" ">
    <subfield code="c">AL</subfield>
  </datafield>
  <datafield tag="041" ind1=" " ind2=" ">
    <subfield code="a">eng</subfield>
  </datafield>
  <datafield tag="082" ind1=" " ind2=" ">
    <subfield code="a">K894.4 SOMK</subfield>
  </datafield>
  <datafield tag="100" ind1=" " ind2=" ">
    <subfield code="a">SOMESHWARA (N)</subfield>
    <subfield code="d">&#xCA8;&#xCBE;. &#xCB8;&#xCCB;&#xCAE;&#xCC7;&#xCB6;&#xCCD;&#xCB5;&#xCB0;</subfield>
    <subfield code="9">212820</subfield>
  </datafield>
  <datafield tag="245" ind1=" " ind2=" ">
    <subfield code="a">Kaliyugada sanjivini hokkaluballi</subfield>
    <subfield code="b">&#xC95;&#xCB2;&#xCBF;&#xCAF;&#xCC1;&#xC97;&#xCA6; &#xCB8;&#xC82;&#xC9C;&#xCC0;&#xCB5;&#xCBF;&#xCA8;&#xCBF; &#xCB9;&#xCCA;&#xC95;&#xCCD;&#xC95;&#xCB3;&#xCC1;&#xCAC;&#xCB3;&#xCCD;&#xCB3;&#xCBF;</subfield>
  </datafield>
  <datafield tag="260" ind1=" " ind2=" ">
    <subfield code="a">Mysuru</subfield>
    <subfield code="b">Talukina Venkannayya Smaraka Granthamale</subfield>
    <subfield code="c">2015</subfield>
  </datafield>
  <datafield tag="300" ind1=" " ind2=" ">
    <subfield code="a">xii,428</subfield>
  </datafield>
  <datafield tag="520" ind1=" " ind2=" ">
    <subfield code="a">&#xCAC;&#xCA6;&#xCC1;&#xC95;&#xCBF;&#xCA8;&#xCB2;&#xCCD;&#xCB2;&#xCBF; &#xCA8;&#xCAE;&#xCCD;&#xCAE; &#xCAE;&#xCCA;&#xCA6;&#xCB2; &#xC86;&#xCA6;&#xCCD;&#xCAF;&#xCA4;&#xCC6; &#xC86;&#xCB0;&#xCCB;&#xC97;&#xCCD;&#xCAF;. &#xC89;&#xCA4;&#xCCD;&#xCA4;&#xCAE; &#xC86;&#xCB0;&#xCCB;&#xC97;&#xCCD;&#xCAF;&#xC95;&#xCCD;&#xC95;&#xCC6; &#xCB5;&#xCC8;&#xC9C;&#xCCD;&#xC9E;&#xCBE;&#xCA8;&#xCBF;&#xC95;&#xCB5;&#xCBE;&#xC97;&#xCBF; &#xCAE;&#xCBE;&#xCB9;&#xCBF;&#xCA4;&#xCBF;, &#xCB5;&#xCC8;&#xC9A;&#xCBE;&#xCB0;&#xCBF;&#xC95; &#xCAE;&#xCBE;&#xCB9;&#xCBF;&#xCA4;&#xCBF;&#xCAF; &#xCAA;&#xCC1;&#xCB8;&#xCCD;&#xCA4;&#xC95;&#xC97;&#xCB3;&#xCC1; &#xC85;&#xCA4;&#xCCD;&#xCAF;&#xC97;&#xCA4;&#xCCD;&#xCAF;. &#xC88; &#xCB9;&#xCBF;&#xCA8;&#xCCD;&#xCA8;&#xCC6;&#xCB2;&#xCC6;&#xCAF;&#xCB2;&#xCCD;&#xCB2;&#xCBF; &#xC86;&#xCB0;&#xCCB;&#xC97;&#xCCD;&#xCAF;&#xC95;&#xCCD;&#xC95;&#xCC6; &#xCB8;&#xC82;&#xCAC;&#xC82;&#xCA7;&#xCBF;&#xCB8;&#xCBF;&#xCA6; 30 &#xCB2;&#xCC7;&#xC96;&#xCA8;&#xC97;&#xCB3;&#xCC1; &#xC88; &#xC95;&#xCC3;&#xCA4;&#xCBF;&#xCAF;&#xCB2;&#xCCD;&#xCB2;&#xCBF;&#xCB5;&#xCC6;. &#x2018;&#xC95;&#xCB2;&#xCBF;&#xCAF;&#xCC1;&#xC97;&#xCA6; &#xCB8;&#xC82;&#xC9C;&#xCC0;&#xCB5;&#xCBF;&#xCA8;&#xCBF; &#xCB9;&#xCCA;&#xC95;&#xCCD;&#xC95;&#xCB3;&#xCC1;&#xCAC;&#xCB3;&#xCCD;&#xCB3;&#xCBF;&#x2019; &#xC95;&#xCC3;&#xCA4;&#xCBF;&#xCAF;&#xCA8;&#xCCD;&#xCA8;&#xCC1; &#xC95;&#xCB0;&#xCCD;&#xCA8;&#xCBE;&#xC9F;&#xC95; &#xCB8;&#xCBE;&#xCB9;&#xCBF;&#xCA4;&#xCCD;&#xCAF; &#xC85;&#xC95;&#xCBE;&#xCA1;&#xCC6;&#xCAE;&#xCBF;&#xCAF;&#xCC1; 2015&#xCA8;&#xCC7; &#xCB8;&#xCBE;&#xCB2;&#xCBF;&#xCA8; &#xCB5;&#xCB0;&#xCCD;&#xCB7;&#xCA6; &#xC85;&#xCA4;&#xCCD;&#xCAF;&#xCA4;&#xCCD;&#xCA4;&#xCAE; &#xCB5;&#xCBF;&#xC9C;&#xCCD;&#xC9E;&#xCBE;&#xCA8; &#xCB8;&#xCBE;&#xCB9;&#xCBF;&#xCA4;&#xCCD;&#xCAF; &#xC95;&#xCC3;&#xCA4;&#xCBF; &#xC8E;&#xC82;&#xCA6;&#xCC1; &#xCAA;&#xCB0;&#xCBF;&#xC97;&#xCA3;&#xCBF;&#xCB8;&#xCBF; &#xCAC;&#xCB9;&#xCC1;&#xCAE;&#xCBE;&#xCA8;&#xCB5;&#xCBF;&#xCA4;&#xCCD;&#xCA4;&#xCC1; &#xC97;&#xCCC;&#xCB0;&#xCB5;&#xCBF;&#xCB8;&#xCBF;&#xCA6;&#xCC6;.</subfield>
  </datafield>
  <datafield tag="650" ind1=" " ind2=" ">
    <subfield code="a">sanjivini</subfield>
    <subfield code="9">212821</subfield>
  </datafield>
  <datafield tag="650" ind1=" " ind2=" ">
    <subfield code="a">Kaliyugada</subfield>
    <subfield code="9">212822</subfield>
  </datafield>
  <datafield tag="650" ind1=" " ind2=" ">
    <subfield code="a">hokkaluballi</subfield>
    <subfield code="9">212823</subfield>
  </datafield>
  <datafield tag="690" ind1=" " ind2=" ">
    <subfield code="a">Kannada Prose</subfield>
    <subfield code="9">212824</subfield>
  </datafield>
  <datafield tag="906" ind1=" " ind2=" ">
    <subfield code="a">070269</subfield>
  </datafield>
  <datafield tag="942" ind1=" " ind2=" ">
    <subfield code="2">ddc</subfield>
    <subfield code="c">BK</subfield>
  </datafield>
  <datafield tag="999" ind1=" " ind2=" ">
    <subfield code="c">119821</subfield>
    <subfield code="d">119821</subfield>
  </datafield>
  <datafield tag="952" ind1=" " ind2=" ">
    <subfield code="0">0</subfield>
    <subfield code="1">0</subfield>
    <subfield code="2">ddc</subfield>
    <subfield code="4">0</subfield>
    <subfield code="7">0</subfield>
    <subfield code="8">KAN</subfield>
    <subfield code="a">AL</subfield>
    <subfield code="b">AL</subfield>
    <subfield code="c">Kannada Literature</subfield>
    <subfield code="d">2021-02-17</subfield>
    <subfield code="e">Navakarnataka Publication Pvt Ltd Mangalore</subfield>
    <subfield code="g">250.00</subfield>
    <subfield code="l">0</subfield>
    <subfield code="o">K894.4 SOMK</subfield>
    <subfield code="p">070269</subfield>
    <subfield code="r">2021-02-17 00:00:00</subfield>
    <subfield code="w">2021-02-17</subfield>
    <subfield code="y">BK</subfield>
  </datafield>
</record>
